[Event "Catalunya-chT Gp2"]
[Site "Barcelona"]
[Date "2024.02.17"]
[Round "5.9"]
[White "Castelltort Fernandez, Antonio"]
[Black "Luke Brezmes, Cristofer"]
[Result "1/2-1/2"]
[WhiteElo "2166"]
[BlackElo "2061"]
[PlyCount "92"]
[EventDate "2024.01.20"]
[EventType "team-tourn"]
[EventRounds "7"]
[EventCountry "ESP"]
[SourceTitle "CB11_2024"]
[SourceDate "2024.03.13"]
[SourceVersion "1"]
[SourceVersionDate "2024.03.13"]
[SourceQuality "1"]
[WhiteTeam "Sant Andreu"]
[BlackTeam "Geva CEA"]
[WhiteTeamCountry "ESP"]
[BlackTeamCountry "ESP"]

1. d4 d6 2. Nf3 Nf6 3. Nc3 Nbd7 4. e4 e5 5. g3 c6 6. Bg2 Be7 7. 0-0 b5 8. Re1 Bb7 9. dxe5 dxe5 10. Nh4 Nc5 11. Nf5 Ne6 12. Be3 Qc7 13. Nxe7 Qxe7 14. h3 0-0 15. f4 Rfd8 16. Qf3 Nd4 17. Qf2 b4 18. Na4 c5 19. c3 Bc6 20. Nxc5 Qxc5 21. cxd4 exd4 22. Bd2 Rac8 23. Rac1 Qb6 24. e5 Bxg2 25. Qxg2 Rxc1 26. Rxc1 Nd5 27. Qe4 h6 28. Rc4 d3+ 29. Qd4 Qa5 30. Rc5 Qxa2 31. Qxd3 a5 32. f5 Qxb2 33. Rxd5 Rxd5 34. Qxd5 Qb1+ 35. Kg2 Qxf5 36. Qxa5 Qe4+ 37. Kf2 Qf5+ 38. Kg2 Qe4+ 39. Kf2 Qf5+ 40. Ke2 Qxh3 41. Be1 Qg2+ 42. Kd1 Qf3+ 43. Kd2 Qc3+ 44. Ke2 Qc2+ 45. Bd2 Qe4+ 46. Be3 Qg2+ 1/2-1/2

[Event "Catalunya-chT Gp2"]
[Site "Barcelona"]
[Date "2024.02.03"]
[Round "3.9"]
[White "Castelltort Fernandez, Antonio"]
[Black "Halimov, Oleksandr"]
[Result "1-0"]
[WhiteElo "2166"]
[BlackElo "1859"]
[PlyCount "101"]
[EventDate "2024.01.20"]
[EventType "team-tourn"]
[EventRounds "7"]
[EventCountry "ESP"]
[SourceTitle "CB11_2024"]
[SourceDate "2024.03.13"]
[SourceVersion "1"]
[SourceVersionDate "2024.03.13"]
[SourceQuality "1"]
[WhiteTeam "Sant Andreu"]
[BlackTeam "Platja D'Aro"]
[WhiteTeamCountry "ESP"]
[BlackTeamCountry "ESP"]

1. d4 d5 2. Nf3 Nf6 3. e3 g6 4. c4 c6 5. Nc3 Bg7 6. Be2 0-0 7. 0-0 Bg4 8. cxd5 cxd5 9. Qb3 b6 10. h3 Bf5 11. Ne5 Be6 12. Rd1 Qc7 13. Bd2 Nc6 14. Nb5 Qb7 15. Nxc6 Qxc6 16. Rac1 Qd7 17. Rc7 Qd8 18. Rxa7 Rxa7 19. Nxa7 Ne4 20. Bb4 Qd7 21. Nb5 Bxh3 22. gxh3 Qxh3 23. Qxd5 Qh4 24. Be1 e6 25. Qc6 Qg5+ 26. Kf1 Qh4 27. Bf3 Ng5 28. Bg2 e5 29. Rc1 Ne6 30. dxe5 Bxe5 31. f4 Qf6 32. Bc3 Bxc3 33. Qxc3 Qh4 34. Nd4 Nc5 35. b4 Nd7 36. Nf3 Qe7 37. a3 Re8 38. Rd1 Nf6 39. Ne5 Nh5 40. Bd5 Rf8 41. Nxf7 Rxf7 42. Qb3 Nf6 43. Bxf7+ Qxf7 44. Qxf7+ Kxf7 45. Rd6 b5 46. Rb6 Nd5 47. Rxb5 Nxe3+ 48. Ke2 Nf5 49. Rb7+ Kg8 50. a4 h5 51. a5 1-0

[Event "Catalunya-chT Gp2 Final"]
[Site "Barcelona"]
[Date "2023.03.25"]
[Round "3.7"]
[White "Saumoy Poch, Salvador"]
[Black "Castelltort Fernandez, Antonio"]
[Result "0-1"]
[WhiteElo "1959"]
[BlackElo "2170"]
[PlyCount "48"]
[EventDate "2023.03.11"]
[EventType "team-k.o."]
[EventRounds "4"]
[EventCountry "ESP"]
[SourceTitle "EXT 2024"]
[Source "ChessBase"]
[SourceDate "2023.10.10"]
[SourceVersion "1"]
[SourceVersionDate "2023.10.10"]
[SourceQuality "1"]
[WhiteTeam "Lira Vendrellenca"]
[BlackTeam "Sant Andreu"]
[WhiteTeamCountry "ESP"]
[BlackTeamCountry "ESP"]

1. d4 f5 2. Nc3 Nf6 3. Bg5 d5 4. e3 Nbd7 5. Bd3 e6 6. Nf3 Be7 7. 0-0 0-0 8. Ne2 Ne4 9. Bxe7 Qxe7 10. c3 c6 11. Bc2 e5 12. c4 dxc4 13. d5 Qc5 14. dxc6 Qxc6 15. Rc1 b5 16. b3 Bb7 17. bxc4 Ng5 18. Ne1 bxc4 19. Ba4 Qg6 20. Qxd7 Bxg2 21. Nxg2 Nf3+ 22. Kh1 Kh8 23. h4 Rad8 24. Ng3 Qg4 0-1

[Event "Catalunya-chT Gp1"]
[Site "Barcelona"]
[Date "2022.02.12"]
[Round "4.7"]
[White "Castelltort Fernandez, Antonio"]
[Black "Ribera Baztan, Jose"]
[Result "1-0"]
[WhiteElo "2226"]
[BlackElo "2049"]
[PlyCount "27"]
[EventDate "2022.01.22"]
[EventType "team-tourn"]
[EventRounds "9"]
[EventCountry "ESP"]
[SourceTitle "CBM 208 Extra"]
[Source "ChessBase"]
[SourceDate "2022.07.31"]
[SourceVersion "1"]
[SourceVersionDate "2022.07.31"]
[SourceQuality "1"]
[WhiteTeam "Sant Andreu"]
[BlackTeam "Geva CEA"]
[WhiteTeamCountry "ESP"]
[BlackTeamCountry "ESP"]

1. e4 c5 2. c3 Nf6 3. e5 Nd5 4. d4 cxd4 5. Nf3 Nc6 6. Bc4 Nb6 7. Bb3 d5 8. exd6 Qxd6 9. 0-0 d3 10. Na3 Bf5 11. Nb5 Qd7 12. Bf4 Rc8 13. Re1 Bg6 14. Nd6+ 1-0

[Event "Catalunya-chT Final A+B"]
[Site "Barcelona"]
[Date "2020.03.07"]
[Round "8.5"]
[White "Aranda Flores, Jordi"]
[Black "Castelltort Fernandez, Antonio"]
[Result "1/2-1/2"]
[WhiteElo "2171"]
[BlackElo "2217"]
[PlyCount "42"]
[EventDate "2020.03.07"]
[EventType "team-tourn"]
[EventRounds "11"]
[EventCountry "ESP"]
[SourceTitle "EXT 2023"]
[Source "ChessBase"]
[SourceDate "2022.10.05"]
[SourceVersion "1"]
[SourceVersionDate "2022.10.05"]
[SourceQuality "1"]
[WhiteTeam "Tres Peons"]
[BlackTeam "Sant Andreu"]
[WhiteTeamCountry "ESP"]
[BlackTeamCountry "ESP"]

1. Nf3 f5 2. d3 Nc6 3. d4 e6 4. g3 Nf6 5. Bg2 Be7 6. 0-0 0-0 7. c4 d6 8. d5 Ne5 9. Nd4 Nxc4 10. dxe6 d5 11. Nxf5 Bxe6 12. Nxe7+ Qxe7 13. b3 Nb6 14. Ba3 c5 15. Nd2 Rac8 16. Rc1 Nbd7 17. e4 dxe4 18. Nxe4 Nxe4 19. Bxe4 Nf6 20. Bg2 b6 21. Qe2 Qf7 1/2-1/2

[Event "Catalunya-chT GpB final"]
[Site "Barcelona"]
[Date "2019.03.23"]
[Round "3.5"]
[White "Castelltort Fernandez, Antonio"]
[Black "Vinardell Cruanas, Sergi"]
[Result "0-1"]
[WhiteElo "2247"]
[BlackElo "2165"]
[PlyCount "121"]
[EventDate "2019.03.09"]
[EventType "team-tourn"]
[EventRounds "4"]
[EventCountry "ESP"]
[SourceTitle "EXT 2020"]
[Source "ChessBase"]
[SourceDate "2019.10.17"]
[SourceVersion "1"]
[SourceVersionDate "2019.10.17"]
[SourceQuality "1"]
[WhiteTeam "Sant Andreu"]
[BlackTeam "Olot"]
[WhiteTeamCountry "ESP"]
[BlackTeamCountry "ESP"]

1. e4 c5 2. Nc3 d6 3. g3 Nc6 4. Bg2 g6 5. d3 Bg7 6. Be3 e6 7. Qd2 Rb8 8. Nf3 Nd4 9. Bxd4 cxd4 10. Nb5 Ne7 11. Nbxd4 0-0 12. 0-0 b5 13. c3 Qb6 14. Ne2 b4 15. c4 d5 16. cxd5 exd5 17. e5 Ba6 18. d4 Rfc8 19. Rfc1 Bxe2 20. Qxe2 Bh6 21. Rd1 Qc6 22. Rab1 b3 23. a3 Qc4 24. Qxc4 Rxc4 25. Ne1 Rbc8 26. Bf1 Rc2 27. Bd3 Rc1 28. f4 Rxd1 29. Rxd1 g5 30. Ng2 Rc7 31. Kf2 Nc8 32. Kf3 Nb6 33. Ne3 Nc4 34. Nxd5 Nxb2 35. Rb1 Rc2 36. Bf5 gxf4 37. gxf4 Rxh2 38. Nf6+ Kf8 39. Ng4 Nc4 40. Kg3 Rh5 41. Nxh6 Rxh6 42. Rxb3 Ra6 43. Rb8+ Ke7 44. Rb7+ Ke8 45. a4 Nb6 46. Bd7+ Nxd7 47. d5 Rxa4 48. e6 fxe6 49. dxe6 Nf6 50. Rf7 Nh5+ 51. Kh2 Nxf4 52. Rxh7 Nxe6 53. Kg3 Kd8 54. Kf2 Kc8 55. Ke3 Nc7 56. Kd3 Kb7 57. Kc3 Kb6 58. Kb2 Re4 59. Rh3 Re6 60. Rh8 Na6 61. Rh4 0-1

[Event "Catalunya-chT Gp1"]
[Site "Barcelona"]
[Date "2019.02.23"]
[Round "6.5"]
[White "Castelltort Fernandez, Antonio"]
[Black "Estrada Nieto, Julian"]
[Result "1/2-1/2"]
[WhiteElo "2247"]
[BlackElo "2264"]
[PlyCount "91"]
[EventDate "2019.01.19"]
[EventType "team-tourn"]
[EventRounds "7"]
[EventCountry "ESP"]
[SourceTitle "CBM 189 Extra"]
[Source "ChessBase"]
[SourceDate "2019.06.03"]
[SourceVersion "1"]
[SourceVersionDate "2019.06.03"]
[SourceQuality "1"]
[WhiteTeam "Sant Andreu"]
[BlackTeam "Salou Escola Escacs"]
[WhiteTeamCountry "ESP"]
[BlackTeamCountry "ESP"]

1. d4 d5 2. Nf3 Nf6 3. e3 c5 4. c4 dxc4 5. Bxc4 e6 6. 0-0 a6 7. Nc3 Nc6 8. dxc5 Qxd1 9. Rxd1 Bxc5 10. a3 b5 11. Be2 Ke7 12. b4 Bd6 13. Bb2 Bb7 14. Ng5 Rhd8 15. Nge4 Nxe4 16. Nxe4 Be5 17. Bxe5 Nxe5 18. Nc5 Rxd1+ 19. Rxd1 Bc6 20. a4 bxa4 21. Nxa6 Rd8 22. Ra1 Rd2 23. b5 Rxe2 24. bxc6 Nxc6 25. Kf1 Rc2 26. Rxa4 Ne5 27. Nb4 Rc4 28. Ra7+ Kf6 29. Rb7 g5 30. h3 h5 31. Ke2 h4 32. f3 Rc1 33. f4 gxf4 34. exf4 Ng6 35. Nd3 Rc2+ 36. Kf3 Rd2 37. Ne5 Nxe5+ 38. fxe5+ Kg6 39. Rb4 Rd3+ 40. Kf2 Rd5 41. Rxh4 Rxe5 42. Ra4 Rb5 43. g3 e5 44. Kf3 Rb3+ 45. Kf2 f6 46. Re4 1/2-1/2

[Event "Catalunya-chT Gp1"]
[Site "Barcelona"]
[Date "2019.02.09"]
[Round "4.5"]
[White "Medina Masdeu, Rasen"]
[Black "Castelltort Fernandez, Antonio"]
[Result "1-0"]
[WhiteElo "2160"]
[BlackElo "2247"]
[PlyCount "71"]
[EventDate "2019.01.19"]
[EventType "team-tourn"]
[EventRounds "7"]
[EventCountry "ESP"]
[SourceTitle "CBM 188 Extra"]
[Source "ChessBase"]
[SourceDate "2019.02.26"]
[SourceVersion "1"]
[SourceVersionDate "2019.02.26"]
[SourceQuality "1"]
[WhiteTeam "Gerunda"]
[BlackTeam "Sant Andreu"]
[WhiteTeamCountry "ESP"]
[BlackTeamCountry "ESP"]

1. Nf3 d6 2. e4 Nf6 3. Nc3 e5 4. d4 exd4 5. Nxd4 Be7 6. Be2 0-0 7. Be3 Re8 8. Qd2 c6 9. f3 Bf8 10. g4 d5 11. g5 Nh5 12. exd5 Qe7 13. Bf2 c5 14. Ndb5 Na6 15. 0-0-0 Bf5 16. a3 Qd7 17. Rhe1 g6 18. Bd3 Bxd3 19. Qxd3 Rxe1 20. Rxe1 Nc7 21. Nxc7 Qxc7 22. Ne4 Rd8 23. Rd1 Qxh2 24. Bxc5 Bxc5 25. Nxc5 Qc7 26. Ne4 Nf4 27. Qb3 Qe5 28. Kb1 Kg7 29. d6 b6 30. Qa4 a5 31. Qc6 b5 32. Qc7 Ne6 33. Qxa5 Rd7 34. Qa8 Rd8 35. Qc6 Qf4 36. Qc3+ 1-0

[Event "Catalunya-chT Gp1"]
[Site "Barcelona"]
[Date "2019.02.02"]
[Round "3.5"]
[White "Castelltort Fernandez, Antonio"]
[Black "Estrella Vidiella, Jordi"]
[Result "1/2-1/2"]
[WhiteElo "2247"]
[BlackElo "2275"]
[PlyCount "64"]
[EventDate "2019.01.19"]
[EventType "team-tourn"]
[EventRounds "7"]
[EventCountry "ESP"]
[SourceTitle "CBM 188 Extra"]
[Source "ChessBase"]
[SourceDate "2019.02.26"]
[SourceVersion "1"]
[SourceVersionDate "2019.02.26"]
[SourceQuality "1"]
[WhiteTeam "Sant Andreu"]
[BlackTeam "Foment Martinenc"]
[WhiteTeamCountry "ESP"]
[BlackTeamCountry "ESP"]

1. d4 c5 2. d5 d6 3. e4 g6 4. c4 b5 5. cxb5 a6 6. Nc3 Bg7 7. a4 Nf6 8. Nf3 0-0 9. Ra3 Nbd7 10. Be2 Ng4 11. Nd2 axb5 12. Bxb5 Ngf6 13. 0-0 Ne8 14. Bc6 Ra6 15. Bb5 Ra7 16. Nc4 Nc7 17. Qc2 Na6 18. Bxa6 Bxa6 19. Nb5 Rb7 20. Rb3 Ne5 21. Bd2 Nxc4 22. Qxc4 Qd7 23. Bc3 Rfb8 24. Bxg7 Kxg7 25. Rh3 Bxb5 26. axb5 Rxb5 27. Qc1 h5 28. Rxh5 gxh5 29. Qg5+ Kf8 30. Qh6+ Kg8 31. Qg5+ Kf8 32. Qh6+ Kg8 1/2-1/2

[Event "Catalunya-chT Gp1"]
[Site "Barcelona"]
[Date "2019.01.19"]
[Round "1.6"]
[White "Bofill Mas, Alejandro"]
[Black "Castelltort Fernandez, Antonio"]
[Result "1-0"]
[WhiteElo "2324"]
[BlackElo "2247"]
[PlyCount "69"]
[EventDate "2019.01.19"]
[EventType "team-tourn"]
[EventRounds "7"]
[EventCountry "ESP"]
[SourceTitle "CBM 188 Extra"]
[Source "ChessBase"]
[SourceDate "2019.02.26"]
[SourceVersion "1"]
[SourceVersionDate "2019.02.26"]
[SourceQuality "1"]
[WhiteTeam "Colon Sabadell"]
[BlackTeam "Sant Andreu"]
[WhiteTeamCountry "ESP"]
[BlackTeamCountry "ESP"]

1. c4 e5 2. g3 d6 3. Bg2 f5 4. Nc3 Nf6 5. d3 Be7 6. Nf3 0-0 7. c5 Nc6 8. cxd6 cxd6 9. 0-0 Kh8 10. b3 d5 11. d4 e4 12. Ne5 Be6 13. Nxc6 bxc6 14. Na4 Nd7 15. e3 Rc8 16. Bd2 c5 17. dxc5 Nxc5 18. Nxc5 Bxc5 19. Rc1 Be7 20. Bc3 Bf6 21. Qd2 Bxc3 22. Rxc3 Rf7 23. Rfc1 Rfc7 24. Bf1 Rxc3 25. Rxc3 Rxc3 26. Qxc3 Qb6 27. b4 Kg8 28. a4 Kf7 29. a5 Qb8 30. Qc5 Ke8 31. Bb5+ Bd7 32. Bxd7+ Kxd7 33. Qxd5+ Ke7 34. Qc5+ Kf6 35. b5 1-0

[Event "Catalunya-chT Gp1 final"]
[Site "Barcelona"]
[Date "2016.04.09"]
[Round "3.4"]
[White "Rocabert Andreu, Guillem A"]
[Black "Castelltort Fernandez, Antonio"]
[Result "1/2-1/2"]
[WhiteElo "2216"]
[BlackElo "2276"]
[PlyCount "30"]
[EventDate "2016.03.12"]
[EventType "team-tourn"]
[EventRounds "4"]
[EventCountry "ESP"]
[SourceTitle "EXT 2017"]
[Source "ChessBase"]
[SourceDate "2016.10.25"]
[SourceVersion "1"]
[SourceVersionDate "2016.10.25"]
[SourceQuality "1"]
[WhiteTeam "Figueres"]
[BlackTeam "Sant Andreu"]
[WhiteTeamCountry "ESP"]
[BlackTeamCountry "ESP"]

1. d4 f5 2. e4 fxe4 3. Nc3 Nf6 4. Bg5 Nc6 5. d5 Ne5 6. Qe2 Nf7 7. Bxf6 exf6 8. Nxe4 Qe7 9. d6 Qe6 10. dxc7 Bb4+ 11. c3 Ba5 12. 0-0-0 Bxc7 13. Nc5 Qxe2 14. Bxe2 Bb6 15. Nd3 Ne5 1/2-1/2

[Event "Catalunya-chT Gp1 final"]
[Site "Barcelona"]
[Date "2016.04.02"]
[Round "2.3"]
[White "Castelltort Fernandez, Antonio"]
[Black "Castellet Giralt, Gabriel"]
[Result "1/2-1/2"]
[WhiteElo "2276"]
[BlackElo "2196"]
[PlyCount "64"]
[EventDate "2016.03.12"]
[EventType "team-tourn"]
[EventRounds "4"]
[EventCountry "ESP"]
[SourceTitle "CBM 171 Extra"]
[Source "ChessBase"]
[SourceDate "2016.04.26"]
[SourceVersion "1"]
[SourceVersionDate "2016.04.26"]
[SourceQuality "1"]
[WhiteTeam "Sant Andreu"]
[BlackTeam "Cerdanyola Valles"]
[WhiteTeamCountry "ESP"]
[BlackTeamCountry "ESP"]

1. d4 Nf6 2. Bf4 e6 3. e3 b6 4. Nf3 Bb7 5. Bd3 Be7 6. h3 0-0 7. Nbd2 d5 8. 0-0 c5 9. c3 Nc6 10. Qe2 h6 11. Bh2 Bd6 12. Ne5 Ne7 13. Rad1 Qc7 14. Bb1 c4 15. f4 b5 16. e4 dxe4 17. Nxe4 Nxe4 18. Bxe4 Bxe4 19. Qxe4 Rab8 20. a3 a5 21. g4 Qb7 22. Qxb7 Rxb7 23. f5 exf5 24. gxf5 Nd5 25. Rde1 b4 26. cxb4 axb4 27. Nxc4 Bxh2+ 28. Kxh2 bxa3 29. bxa3 Rc8 30. Re5 Rxc4 31. Rxd5 Rb2+ 32. Kg3 Rd2 1/2-1/2

[Event "Catalunya-chT Gp2"]
[Site "Barcelona"]
[Date "2016.02.27"]
[Round "6.1"]
[White "Castelltort Fernandez, Antonio"]
[Black "Ayza Leon, David"]
[Result "0-1"]
[WhiteElo "2276"]
[BlackElo "2203"]
[PlyCount "90"]
[EventDate "2016.01.23"]
[EventType "team-tourn"]
[EventRounds "7"]
[EventCountry "ESP"]
[SourceTitle "EXT 2017"]
[Source "ChessBase"]
[SourceDate "2016.10.25"]
[SourceVersion "1"]
[SourceVersionDate "2016.10.25"]
[SourceQuality "1"]
[WhiteTeam "Sant Andreu"]
[BlackTeam "Peona I Peo"]
[WhiteTeamCountry "ESP"]
[BlackTeamCountry "ESP"]

1. e4 e5 2. Nc3 Nc6 3. Bc4 Bc5 4. d3 h6 5. f4 Bxg1 6. Rxg1 Qh4+ 7. Kf1 Nf6 8. Qd2 Qxh2 9. f5 Ng4 10. Nd5 Qg3 11. c3 Kd8 12. Ne3 Nh2+ 13. Ke2 Nf3 14. Qd1 Nxg1+ 15. Qxg1 b6 16. Bd2 h5 17. Rf1 h4 18. Rf3 Qg5 19. Qh2 Qh5 20. b4 f6 21. Kf1 Ne7 22. Rh3 g5 23. g3 c6 24. gxh4 d5 25. exd5 Nxf5 26. Qf2 g4 27. Rh1 g3 28. Qe1 Qf3+ 29. Kg1 Rxh4 30. Rxh4 Nxh4 31. d4 Bg4 32. Nxg4 Qxg4 33. Qf1 Nf3+ 34. Kg2 Nh4+ 35. Kg1 Nf3+ 36. Kg2 e4 37. Be1 Nxe1+ 38. Qxe1 Qf3+ 39. Kg1 e3 40. dxc6 Kc7 41. Bf1 Qf2+ 42. Qxf2 gxf2+ 43. Kg2 Rg8+ 44. Kf3 Rg1 45. Ke2 Kxc6 0-1

[Event "Catalunya-chT Gp2"]
[Site "Barcelona"]
[Date "2016.01.23"]
[Round "1.4"]
[White "Colon Garcia, Enrique"]
[Black "Castelltort Fernandez, Antonio"]
[Result "1-0"]
[WhiteElo "2303"]
[BlackElo "2276"]
[PlyCount "63"]
[EventDate "2016.01.23"]
[EventType "team-tourn"]
[EventRounds "7"]
[EventCountry "ESP"]
[SourceTitle "CBM 170 Extra"]
[Source "ChessBase"]
[SourceDate "2016.02.25"]
[SourceVersion "1"]
[SourceVersionDate "2016.02.25"]
[SourceQuality "1"]
[WhiteTeam "Colon Sabadell"]
[BlackTeam "Sant Andreu"]
[WhiteTeamCountry "ESP"]
[BlackTeamCountry "ESP"]

1. e4 c6 2. Nf3 d5 3. Nc3 dxe4 4. Nxe4 Bg4 5. Bc4 e6 6. h3 Bh5 7. Ng3 Bxf3 8. Qxf3 Nf6 9. 0-0 Bd6 10. c3 Nbd7 11. d4 Qc7 12. Re1 0-0 13. Ne4 Nxe4 14. Qxe4 c5 15. Bd3 Nf6 16. Qh4 Be7 17. d5 Rfd8 18. Bg5 Rxd5 19. Bxf6 Bxf6 20. Qxh7+ Kf8 21. Qh8+ Ke7 22. Qxa8 Rxd3 23. Rad1 Rxd1 24. Rxd1 a6 25. Qh8 g6 26. Qh6 b5 27. Qe3 a5 28. a3 a4 29. Qe4 Qb6 30. Rd2 Kf8 31. Qa8+ Kg7 32. Qe8 1-0

[Event "Catalunya-chT Gp2"]
[Site "Barcelona"]
[Date "2015.02.28"]
[Round "6.2"]
[White "Castelltort Fernandez, Antonio"]
[Black "Perez Manas, Benjamin"]
[Result "0-1"]
[WhiteElo "2285"]
[BlackElo "2274"]
[PlyCount "68"]
[EventDate "2015.01.24"]
[EventType "team-tourn"]
[EventRounds "7"]
[EventCountry "ESP"]
[SourceTitle "EXT 2016"]
[Source "ChessBase"]
[SourceDate "2015.10.08"]
[SourceVersion "1"]
[SourceVersionDate "2015.10.08"]
[SourceQuality "1"]
[WhiteTeam "Sant Andreu"]
[BlackTeam "Barbera"]
[WhiteTeamCountry "ESP"]
[BlackTeamCountry "ESP"]

1. d4 f5 2. Nf3 Nf6 3. g3 g6 4. Bg2 Bg7 5. 0-0 0-0 6. c4 d6 7. Nc3 c6 8. b3 Qc7 9. Bb2 e5 10. dxe5 dxe5 11. e4 fxe4 12. Ng5 e3 13. fxe3 Qb6 14. Kh1 Qxe3 15. Nce4 Bf5 16. Re1 Nxe4 17. Rxe3 Nf2+ 18. Kg1 Nxd1 19. Rxd1 Bh6 20. h4 Nd7 21. Be4 Bg4 22. Rd6 Rf6 23. Rxf6 Nxf6 24. Bxe5 Nxe4 25. Rxe4 Bf5 26. Rd4 Re8 27. Bf4 Bf8 28. Rd2 Bb4 29. Rd1 Bg4 30. Rf1 Re2 31. Nf3 Bh3 32. Rd1 Bc5+ 33. Nd4 Re4 34. Kh2 Bg4 0-1

[Event "Catalunya-chT Gp2"]
[Site "Barcelona"]
[Date "2015.01.24"]
[Round "1.3"]
[White "Castellet Giralt, Gabriel"]
[Black "Castelltort Fernandez, Antonio"]
[Result "1/2-1/2"]
[WhiteElo "2180"]
[BlackElo "2285"]
[PlyCount "40"]
[EventDate "2015.01.24"]
[EventType "team-tourn"]
[EventRounds "7"]
[EventCountry "ESP"]
[SourceTitle "CBM 164 Extra"]
[Source "ChessBase"]
[SourceDate "2015.03.02"]
[SourceVersion "1"]
[SourceVersionDate "2015.03.02"]
[SourceQuality "1"]
[WhiteTeam "Cerdanyola Valles"]
[BlackTeam "Sant Andreu"]
[WhiteTeamCountry "ESP"]
[BlackTeamCountry "ESP"]

1. d4 f5 2. g3 Nf6 3. Bg2 g6 4. c4 Bg7 5. Nc3 0-0 6. Nf3 d6 7. 0-0 c6 8. b3 Qa5 9. Bb2 e5 10. dxe5 dxe5 11. e4 Re8 12. a3 Qc7 13. Re1 fxe4 14. Ng5 Bg4 15. Qc2 Bf5 16. Ngxe4 Nbd7 17. Qe2 Bg4 18. Qc2 Bf5 19. Qe2 Bg4 20. Qc2 Bf5 1/2-1/2

[Event "Catalunya-chT"]
[Site "Catalunya"]
[Date "2014.03.01"]
[Round "6.2"]
[White "Perpinya Rofes, Lluis Maria"]
[Black "Castelltort Fernandez, Antonio"]
[Result "1/2-1/2"]
[WhiteElo "2400"]
[BlackElo "2285"]
[PlyCount "92"]
[EventDate "2014.01.25"]
[EventType "team"]
[EventRounds "11"]
[EventCountry "ESP"]
[SourceTitle "EXT 2015"]
[Source "ChessBase"]
[SourceDate "2014.11.20"]
[SourceVersion "1"]
[SourceVersionDate "2014.11.20"]
[SourceQuality "1"]
[WhiteTeam "Colon Sabadell"]
[BlackTeam "Sant Andreu"]
[WhiteTeamCountry "ESP"]
[BlackTeamCountry "ESP"]

1. e4 c5 2. Nc3 Nc6 3. Nge2 e5 4. Nd5 Nce7 5. Nec3 Nxd5 6. Nxd5 Nf6 7. Bc4 d6 8. d3 Be7 9. 0-0 0-0 10. f4 Nxd5 11. Bxd5 exf4 12. Bxf4 Be6 13. Bxe6 fxe6 14. Qg4 Qd7 15. e5 Rae8 16. Bh6 Bd8 17. exd6 Bf6 18. c3 Be5 19. Rae1 Qxd6 20. g3 Rf5 21. Rxf5 exf5 22. Qc4+ Kh8 23. Bf4 Re7 24. Rxe5 Rxe5 25. Kf2 h6 26. Bxe5 Qxe5 27. Qf7 b5 28. Qxa7 b4 29. Qf7 bxc3 30. bxc3 Qxc3 31. Qf8+ Kh7 32. Qxf5+ Kh8 33. Kf3 Qc2 34. a3 Qc1 35. a4 Qd1+ 36. Kg2 Qxa4 37. Qf8+ Kh7 38. Qxc5 Qa8+ 39. Kf2 Qa2+ 40. Kf3 Qxh2 41. Qf5+ Kh8 42. d4 Qh1+ 43. Kf4 Qc1+ 44. Ke5 Qc7+ 45. Ke6 Qc8+ 46. Ke5 Qc7+ 1/2-1/2

[Event "Catalunya-chT"]
[Site "Catalunya"]
[Date "2014.02.22"]
[Round "5.3"]
[White "Castelltort Fernandez, Antonio"]
[Black "Libiszewski, Fabien"]
[Result "1-0"]
[WhiteElo "2285"]
[BlackElo "2533"]
[PlyCount "71"]
[EventDate "2014.01.25"]
[EventType "team"]
[EventRounds "11"]
[EventCountry "ESP"]
[SourceTitle "EXT 2015"]
[Source "ChessBase"]
[SourceDate "2014.11.20"]
[SourceVersion "1"]
[SourceVersionDate "2014.11.20"]
[SourceQuality "1"]
[WhiteTeam "Sant Andreu"]
[BlackTeam "Barcelona Escola Escacs"]
[WhiteTeamCountry "ESP"]
[BlackTeamCountry "ESP"]

1. e4 g6 2. d4 d6 3. Nc3 a6 4. a4 Bg7 5. Nf3 b6 6. Be3 Bb7 7. Bd3 Nf6 8. h3 0-0 9. Qd2 Nc6 10. Nd5 e5 11. Nxf6+ Bxf6 12. d5 Nd4 13. Nxd4 exd4 14. Bh6 Re8 15. 0-0 c6 16. dxc6 Bxc6 17. Rfe1 d5 18. exd5 Qxd5 19. f3 Qd7 20. Qf4 Bh8 21. b3 Re6 22. Rxe6 Qxe6 23. Bc4 Qe8 24. Qh4 b5 25. Re1 Qd8 26. Bxf7+ Kxf7 27. Bg5 Qd6 28. Re7+ Qxe7 29. Bxe7 bxa4 30. Bc5 Kg8 31. Bxd4 Bxd4+ 32. Qxd4 Rc8 33. bxa4 Be8 34. Qe5 Rxc2 35. Qe6+ Bf7 36. Qxa6 1-0

[Event "Catalunya-chT"]
[Site "Catalunya"]
[Date "2014.02.01"]
[Round "2.4"]
[White "Castelltort Fernandez, Antonio"]
[Black "Sole Fabregat, Xavier"]
[Result "1-0"]
[WhiteElo "2285"]
[BlackElo "2213"]
[PlyCount "67"]
[EventDate "2014.01.25"]
[EventType "team"]
[EventRounds "11"]
[EventCountry "ESP"]
[SourceTitle "CBM 158 Extra"]
[Source "ChessBase"]
[SourceDate "2014.02.28"]
[SourceVersion "1"]
[SourceVersionDate "2014.02.28"]
[SourceQuality "1"]
[WhiteTeam "Sant Andreu"]
[BlackTeam "Reus Deportiu"]
[WhiteTeamCountry "ESP"]
[BlackTeamCountry "ESP"]

1. d4 e6 2. Nf3 f5 3. h3 Nf6 4. Bf4 Bd6 5. e3 Bxf4 6. exf4 b6 7. Bd3 Bb7 8. 0-0 0-0 9. Nbd2 c5 10. Re1 Qc7 11. g3 Nc6 12. dxc5 bxc5 13. Bf1 Rae8 14. Bg2 d5 15. c3 Ne4 16. Qc2 Ba6 17. Rad1 Qb6 18. Qb3 Rb8 19. Ng5 Qa5 20. Qc2 Bc8 21. a3 h6 22. Ngxe4 fxe4 23. f3 e3 24. Rxe3 Qb6 25. Rb1 d4 26. Ree1 c4 27. Nxc4 Qc5 28. Ne5 d3+ 29. Qf2 Qxf2+ 30. Kxf2 Nxe5 31. fxe5 d2 32. Red1 Rd8 33. Ke3 Rb5 34. f4 1-0